00000000nam 2200000zi 4500
0019.945351
003CaOODSP
00520251229080913
006m     o  d f      
007cr mn|||||||||
008241120e20241119onc     ob   f000 0 eng d
040 |aCaOODSP|beng|erda|cCaOODSP
043 |an-cn---
0861 |aH113-25/2024-11E-PDF
24500|aPyriofenone 300 SC fungicide, containing pyriofenone.
2463 |aPyriofenone 300SC fungicide, containing pyriofenone
264 1|aOttawa, Ontario : |bHealth Canada = Santé Canada, |c19 November 2024.
264 4|c©2024
300 |a1 online resource (10 pages).
336 |atext|btxt|2rdacontent
337 |acomputer|bc|2rdamedia
338 |aonline resource|bcr|2rdacarrier
4901 |aRegistration decision, |x1925-0940 ; |vRD2024-11
500 |aIssued also in French under title: Fongicide Pyriofénone 300SC, contenant de la pyriofénone.
500 |a"This document is published by the Health Canada Pest Management Regulatory Agency."
500 |a"Unclassified / Non classifié."
504 |aIncludes bibliographical references.
650 0|aFungicides|xCertification|zCanada.
650 0|aFungicides|xRisk assessment|zCanada.
650 0|aFungicides|xHealth aspects.
650 0|aFungicides|xEnvironmental aspects.
7101 |aCanada. |bPest Management Regulatory Agency, |eissuing body.
77508|tFongicide Pyriofénone 300SC, contenant de la pyriofénone.|w(CaOODSP)9.945352
830#0|aRegistration decision ;|vRD2024-11.|w(CaOODSP)9.505184
85640|qPDF|s378 KB|uhttps://publications.gc.ca/collections/collection_2024/sc-hc/h113-25/H113-25-2024-11-eng.pdf
8564 |qHTML|sN/A|uhttps://www.canada.ca/en/health-canada/services/consumer-product-safety/reports-publications/pesticides-pest-management/decisions-updates/registration-decision/2024/pyriofenone-300sc-fungicide.html